[Event "Aeroflot Open 2012 B"]
[Site "Moscow"]
[Date "2012.02.14"]
[Round "8"]
[White "Rogozenco, Dorian"]
[Black "Zhang, Xiaowen"]
[Result "1-0"]
[WhiteElo "2539"]
[BlackElo "2348"]
[PlyCount "83"]
[EventDate "2012.02.07"]
[EventType "swiss"]

1. d4 d6 2. e4 g6 3. c4 Bg7 4. Nc3 Nf6 5. Be2 O-O 6. Bg5 a6 7. Nf3 c5 8. dxc5
Qa5 9. O-O Qxc5 10. a3 Nbd7 11. b4 Qc7 12. Nd4 e6 13. Rc1 b6 14. Qd2 Bb7 15. f3
Rfe8 16. Rfd1 Rad8 17. Nb3 Bf8 18. Qf4 Be7 19. Qh4 Rc8 20. e5 dxe5 21. Rxd7
Nxd7 22. Bxe7 f5 23. Rd1 Nf8 24. Bg5 Nd7 25. Qh6 Rf8 26. Be7 Rf7 27. Bd6 Qc6
28. b5 axb5 29. Nxb5 Ra8 30. Nc7 Rc8 31. Nb5 Ra8 32. Nc7 Rc8 33. Nxe6 Nf6 34.
Ng5 Rd7 35. Bxe5 Ng4 36. Rxd7 Nxh6 37. Rxh7 Kf8 38. Rxh6 Re8 39. Rh8+ Ke7 40.
Rh7+ Kf8 41. Rf7+ Kg8 42. Rg7+ 1-0

[Event "Aeroflot Open 2012 B"]
[Site "Moscow"]
[Date "2012.02.14"]
[Round "8"]
[White "Blanco, Cristobal J"]
[Black "Ismagambetov, Anuar"]
[Result "0-1"]
[WhiteElo "2385"]
[BlackElo "2476"]
[PlyCount "62"]
[EventDate "2012.02.07"]
[EventType "swiss"]

1. c4 e6 2. Nf3 Nf6 3. d4 c5 4. d5 exd5 5. cxd5 d6 6. Nc3 g6 7. Bf4 a6 8. a4
Bg7 9. e3 O-O 10. Be2 Nh5 11. Bg5 f6 12. Bh4 g5 13. Nd2 gxh4 14. Bxh5 Nd7 15.
O-O f5 16. Nc4 Ne5 17. Nxe5 Bxe5 18. f4 Bg7 19. Be2 Rb8 20. Bd3 Bd7 21. e4 Qb6
22. Kh1 Qxb2 23. Rc1 Bxc3 24. Rc2 Qb4 25. exf5 Bg7 26. Qh5 Qd4 27. Rd2 Qf6 28.
g4 hxg3 29. hxg3 Bxf5 30. Bxf5 Qxf5 31. Qh4 Rf6 0-1

[Event "Aeroflot Open 2012 B"]
[Site "Moscow"]
[Date "2012.02.14"]
[Round "8"]
[White "Gladyszev, Oleg"]
[Black "Munkhgal, Gombosuren"]
[Result "1/2-1/2"]
[WhiteElo "2458"]
[BlackElo "2340"]
[PlyCount "170"]
[EventDate "2012.02.07"]
[EventType "swiss"]

1. d4 Nf6 2. c4 e6 3. Nc3 Bb4 4. Qc2 O-O 5. a3 Bxc3+ 6. Qxc3 b5 7. cxb5 c6 8.
f3 Nd5 9. Qd2 f5 10. e3 cxb5 11. Nh3 Nc6 12. Bd3 Na5 13. Rb1 Nc4 14. Qf2 Qa5+
15. Bd2 Nxb2 16. Bxa5 Nxd3+ 17. Kd2 Nxf2 18. Nxf2 Rb8 19. Nd3 d6 20. Rhc1 Nb6
21. Rc7 Nc4+ 22. Rxc4 bxc4 23. Rxb8 cxd3 24. Bb4 Ba6 25. Rxf8+ Kxf8 26. Bxd6+
Ke8 27. Bc5 Kd7 28. Bxa7 Bb5 29. Bb8 Kc6 30. e4 Kd7 31. Be5 g6 32. Bf4 Kc6 33.
Bh6 Kd6 34. Ke3 Ke7 35. g3 fxe4 36. fxe4 Kd6 37. Bf8+ Kd7 38. h4 h5 39. Bb4 Kc8
40. Kf4 Bc6 41. Ke5 Kd7 42. Be1 Ke7 43. Bd2 Kf7 44. Bg5 Ba4 45. Kd6 Bb3 46. Bd2
Ba4 47. Kc5 Ke7 48. Kc4 Bc2 49. Kc3 Kd6 50. Bh6 Kc6 51. Bf8 Kd7 52. Bb4 Kc6 53.
Kd2 Kd7 54. Ke3 Ke8 55. Kf4 Kf7 56. Ke5 Bb3 57. Kd6 Ba4 58. Bd2 Bd1 59. Bg5 Ba4
60. d5 exd5 61. e5 d4 62. e6+ Kg7 63. Ke5 Bb3 64. Bd2 Ba4 65. Bc1 Bb3 66. Bg5
Ba4 67. Bd2 Bb3 68. Bb4 Ba4 69. Bd2 Bb3 70. Kd6 Ba4 71. Ke7 Bb5 72. Bg5 Ba4 73.
Kd6 Bb3 74. Kd7 Ba4+ 75. Kd6 Bb3 76. Ke5 Ba4 77. Kxd4 d2 78. Bxd2 Kf6 79. Kd5
Bb3+ 80. Kd6 Bxe6 81. a4 Bc4 82. a5 Kf7 83. Bg5 Ke8 84. Kc7 Be2 85. Kb7 Bf3+
1/2-1/2

[Event "Aeroflot Open 2012 B"]
[Site "Moscow"]
[Date "2012.02.14"]
[Round "8"]
[White "Ankit, R. Rajpara"]
[Black "Diermair, Andreas"]
[Result "1/2-1/2"]
[WhiteElo "2349"]
[BlackElo "2429"]
[PlyCount "44"]
[EventDate "2012.02.07"]
[EventType "swiss"]

1. e4 c6 2. d4 d5 3. Nc3 dxe4 4. Nxe4 Bf5 5. Ng3 Bg6 6. h4 h6 7. Nf3 Nd7 8. h5
Bh7 9. Bd3 Bxd3 10. Qxd3 e6 11. Bd2 Ngf6 12. O-O-O Be7 13. Ne4 O-O 14. Kb1 c5
15. dxc5 Nxc5 16. Qxd8 Rfxd8 17. Nxf6+ Bxf6 18. Be3 Na4 19. Rxd8+ Rxd8 20. c3
a6 21. Kc2 b5 22. Nd2 Rc8 $11 1/2-1/2

[Event "Aeroflot Open 2012 B"]
[Site "Moscow"]
[Date "2012.02.14"]
[Round "8"]
[White "Arslanov, Shamil"]
[Black "Tsydypov, Zhamsaran"]
[Result "1-0"]
[WhiteElo "2424"]
[BlackElo "2321"]
[PlyCount "53"]
[EventDate "2012.02.07"]
[EventType "swiss"]

1. e4 c5 2. Nf3 Nc6 3. d4 cxd4 4. Nxd4 Qb6 5. Nb3 Nf6 6. Nc3 e6 7. Qe2 Bb4 8.
Bd2 O-O 9. a3 Be7 10. O-O-O d5 11. e5 Nd7 12. f4 a6 13. Be3 Qc7 14. Qh5 b5 15.
Bd3 g6 16. Qh6 b4 17. axb4 Nxb4 18. h4 Nxd3+ 19. Rxd3 f6 20. h5 g5 21. exf6
Bxf6 22. fxg5 Bg7 23. Qxe6+ Kh8 24. h6 Be5 25. Nxd5 Qd8 26. Nb6 Re8 27. Qd5 1-0

[Event "Aeroflot Open 2012 B"]
[Site "Moscow"]
[Date "2012.02.14"]
[Round "8"]
[White "Froewis, Georg"]
[Black "Soumya, Swaminathan"]
[Result "1/2-1/2"]
[WhiteElo "2424"]
[BlackElo "2280"]
[PlyCount "67"]
[EventDate "2012.02.07"]
[EventType "swiss"]

1. Nf3 Nf6 2. c4 g6 3. d4 Bg7 4. g3 O-O 5. Bg2 d5 6. cxd5 Nxd5 7. O-O Nb6 8.
Nc3 Nc6 9. e3 Re8 10. Re1 a5 11. Qe2 e5 12. dxe5 Nxe5 13. Nxe5 Bxe5 14. e4 Be6
15. Be3 Nc4 16. Rad1 Qe7 17. Bd4 Bxd4 18. Rxd4 Qc5 19. Red1 Ne5 20. Nd5 Kg7 21.
b4 axb4 22. Qb2 Bxd5 23. exd5 Kg8 24. Qxb4 Qxb4 25. Rxb4 Reb8 26. Re4 Nd7 27.
Rc1 Rxa2 28. Re7 Nb6 29. Rexc7 Rd2 30. h4 Rd8 31. Rxb7 Nxd5 32. Bxd5 R8xd5 33.
Kg2 Rf5 34. Rf1 1/2-1/2

[Event "Aeroflot Open 2012 B"]
[Site "Moscow"]
[Date "2012.02.14"]
[Round "8"]
[White "Yuffa, Daniil"]
[Black "Ovod, Evgenija"]
[Result "0-1"]
[WhiteElo "2323"]
[BlackElo "2412"]
[PlyCount "100"]
[EventDate "2012.02.07"]
[EventType "swiss"]

1. d4 d5 2. c4 c6 3. Nf3 Nf6 4. e3 Bg4 5. Qb3 Qb6 6. Ne5 Qxb3 7. axb3 Bf5 8. b4
Nfd7 9. Nxd7 Nxd7 10. b5 dxc4 11. bxc6 bxc6 12. Bxc4 e5 13. O-O Bd6 14. Rd1 Ke7
15. Nc3 Nb6 16. dxe5 Bxe5 17. Bf1 Bc2 18. Re1 a5 19. e4 Rhb8 20. f4 Bd6 21. Be3
Bb3 22. e5 Bb4 23. f5 a4 24. Rac1 Ra5 25. f6+ Kf8 26. Bf2 Nd5 27. fxg7+ Kxg7
28. e6 fxe6 29. Bd4+ Kg8 30. Re4 Ne7 31. Rg4+ Ng6 32. Bd3 e5 33. Bf2 Be6 34.
Rg3 Be7 35. Nd1 Bd5 36. h4 Kf7 37. h5 Nf4 38. Bf1 Nxh5 39. Rh3 Bg5 40. Be3
Bxe3+ 41. Nxe3 Nf4 42. Rh6 Rxb2 43. g3 Ne6 44. Nxd5 cxd5 45. Bh3 Nc5 46. Rc6 a3
47. Rc7+ Ke8 48. Re1 e4 49. Rc8+ Ke7 50. Rd1 a2 0-1

[Event "Aeroflot Open 2012 B"]
[Site "Moscow"]
[Date "2012.02.14"]
[Round "8"]
[White "Zenzera, Alexey"]
[Black "Kreisl, Robert"]
[Result "1/2-1/2"]
[WhiteElo "2337"]
[BlackElo "2406"]
[PlyCount "81"]
[EventDate "2012.02.07"]
[EventType "swiss"]

1. c4 e6 2. d4 d5 3. Nf3 Nf6 4. g3 dxc4 5. Bg2 c6 6. Ne5 Bb4+ 7. Bd2 Be7 8. Bc3
b5 9. Nxc6 Nxc6 10. Bxc6+ Bd7 11. Bxa8 Qxa8 12. O-O O-O 13. f3 b4 14. Be1 a5
15. Bf2 Bb5 16. Qc2 Rc8 17. Rc1 Qc6 18. Nd2 Nd5 19. Ne4 f5 20. Nc5 c3 21. a4 b3
22. Nxb3 Bxa4 23. bxc3 Qb5 24. Rxa4 Qxa4 25. Ra1 Qc6 26. Nxa5 Qxc3 27. Qxc3
Rxc3 28. Kf1 Bf6 29. Nb7 Kf7 30. Nd6+ Ke7 31. Nb5 Rb3 32. Ra7+ Kd8 33. Na3 Rc3
34. Ra8+ Kd7 35. Ra7+ Kd8 36. Ra6 Kd7 37. Kg2 Be7 38. Ra7+ Kd8 39. Ra8+ Kd7 40.
Ra7+ Kd8 41. Ra8+ $11 1/2-1/2

[Event "Aeroflot Open 2012 B"]
[Site "Moscow"]
[Date "2012.02.14"]
[Round "8"]
[White "Shevelev, Arkady"]
[Black "Nitin, S."]
[Result "1/2-1/2"]
[WhiteElo "2317"]
[BlackElo "2399"]
[PlyCount "78"]
[EventDate "2012.02.07"]
[EventType "swiss"]

1. e4 c5 2. Nf3 e6 3. d4 cxd4 4. Nxd4 a6 5. Bd3 g6 6. c4 Bg7 7. Be3 Qc7 8. Nc3
Nf6 9. Rc1 d6 10. O-O O-O 11. f3 Nc6 12. Nxc6 bxc6 13. Qd2 e5 14. Rfd1 Be6 15.
Bf1 Rfd8 16. Kh1 Qb7 17. Bg5 Rd7 18. Na4 a5 19. b3 c5 20. Nc3 Nh5 21. Nd5 f5
22. exf5 gxf5 23. g4 fxg4 24. fxg4 Bxd5+ 25. Qxd5+ Qxd5+ 26. Rxd5 Nf4 27. Bxf4
exf4 28. Bg2 Rf8 29. Bf3 Be5 30. Rd3 $11 Ra7 31. Rc2 Kg7 32. Kg2 Re8 33. Re2
Ree7 34. Bc6 Ra6 35. Bb5 Rb6 36. Rh3 Kf6 37. Rh5 Rbb7 38. Kf3 Rg7 39. Rf5+ Ke6
1/2-1/2

[Event "Aeroflot Open 2012 B"]
[Site "Moscow"]
[Date "2012.02.14"]
[Round "8"]
[White "Debashis, Das"]
[Black "Hernandez, Alexander"]
[Result "1-0"]
[WhiteElo "2389"]
[BlackElo "2270"]
[PlyCount "93"]
[EventDate "2012.02.07"]
[EventType "swiss"]

1. d4 Nf6 2. c4 e6 3. Nc3 Bb4 4. Qc2 c5 5. dxc5 Na6 6. a3 Bxc3+ 7. Qxc3 Nxc5 8.
b4 Nce4 9. Qb2 d5 10. c5 d4 11. e3 Ng4 12. Nh3 dxe3 13. Qxg7 exf2+ 14. Nxf2 Qf6
15. Qxf6 Ngxf6 16. Bb2 Rg8 17. Nd3 Nd5 18. Be2 Bd7 19. Bf3 f5 20. Ne5 Ne3 21.
Bxe4 fxe4 22. Kf2 Ng4+ 23. Nxg4 Rxg4 24. h3 Rg6 25. g4 O-O-O 26. Ke3 h5 27.
Rhg1 Rdg8 28. Rg3 hxg4 29. Rag1 Bc6 30. Rxg4 Rxg4 31. hxg4 Kd7 32. g5 Rg6 33.
Bf6 e5 34. Bxe5 Ke6 35. Bf6 Kf5 36. Rf1+ Kg4 37. Rf4+ Kh5 38. Rxe4 Bxe4 39.
Kxe4 Rg8 40. b5 Re8+ 41. Kd5 Re1 42. Kd6 Rd1+ 43. Kc7 Rc1 44. Be7 b6 45. c6 Kg6
46. Kb8 Kf7 47. c7 1-0

[Event "Aeroflot Open 2012 B"]
[Site "Moscow"]
[Date "2012.02.14"]
[Round "8"]
[White "Savitskiy, Sergey"]
[Black "Kanter, Eduard"]
[Result "1-0"]
[WhiteElo "2301"]
[BlackElo "2414"]
[PlyCount "103"]
[EventDate "2012.02.07"]
[EventType "swiss"]

1. e4 c5 2. Nf3 d6 3. d4 cxd4 4. Qxd4 a6 5. c4 Nc6 6. Qe3 g6 7. Be2 Bg7 8. O-O
Nf6 9. h3 O-O 10. Nc3 Nd7 11. Rd1 Nc5 12. Bd2 Bd7 13. Rac1 Rc8 14. b3 Ne6 15.
Be1 Ne5 16. Nd5 Nxf3+ 17. Bxf3 b5 18. cxb5 Rxc1 19. Rxc1 axb5 20. Bc3 Bxc3 21.
Rxc3 Re8 22. b4 Qb8 23. h4 Kg7 24. h5 g5 25. h6+ Kxh6 26. Bg4 Qd8 27. Bf5 Kg7
28. Bxe6 fxe6 29. Qxg5+ Kh8 30. Ne3 Rg8 31. Qh4 Rg7 32. e5 dxe5 33. Qe4 Be8 34.
Qxe5 Qd6 35. Rc5 Kg8 36. Qc3 Bd7 37. a3 Rg6 38. Qc1 e5 39. Rd5 Qc6 40. Qxc6
Bxc6 41. Rxe5 Kf7 42. Kf1 Rd6 43. Ke2 Rh6 44. Nf5 Re6 45. Rxe6 Kxe6 46. Nd4+
Kd5 47. Nxc6 Kxc6 48. Kd3 Kd5 49. Kc3 e5 50. Kb3 Kd4 51. a4 bxa4+ 52. Kxa4 1-0

[Event "Aeroflot Open 2012 B"]
[Site "Moscow"]
[Date "2012.02.14"]
[Round "8"]
[White "Padmini, Rout"]
[Black "Guliyev, Namig"]
[Result "0-1"]
[WhiteElo "2383"]
[BlackElo "2545"]
[PlyCount "69"]
[EventDate "2012.02.07"]
[EventType "swiss"]

1. e4 c5 2. Nf3 d6 3. d4 cxd4 4. Nxd4 Nf6 5. Nc3 a6 6. Bc4 e6 7. Bb3 Nbd7 8.
Bg5 Nc5 9. f4 Be7 10. Qf3 O-O 11. O-O Nxb3 12. Nxb3 Bd7 13. Kh1 h6 14. Bh4 Bc6
15. Nd4 Qb6 16. Nxc6 Qxc6 17. Rad1 Rac8 18. Qh3 Rc7 19. Rfe1 b5 20. a3 a5 21.
e5 dxe5 22. fxe5 Nh7 23. Bxe7 Rxe7 24. Qd3 Rc8 25. Re2 b4 26. axb4 axb4 27. Ne4
Nf8 28. Nd6 Rb8 29. Rf1 Nd7 30. Qg3 b3 31. c4 Nc5 32. Rf4 Ra7 33. Rf1 Rd8 34.
Rd2 Rad7 35. Rfd1 0-1

[Event "Aeroflot Open 2012 B"]
[Site "Moscow"]
[Date "2012.02.14"]
[Round "8"]
[White "Filipenko, Alexander V"]
[Black "Kabanov, Nikolai"]
[Result "1/2-1/2"]
[WhiteElo "2351"]
[BlackElo "2522"]
[PlyCount "151"]
[EventDate "2012.02.07"]
[EventType "swiss"]

1. e4 d6 2. d4 Nf6 3. Nc3 e5 4. dxe5 dxe5 5. Qxd8+ Kxd8 6. Bc4 Ke8 7. Nf3 Bd6
8. Bg5 Nbd7 9. O-O a6 10. a4 b6 11. Nd2 h6 12. Bh4 g5 13. Bg3 Bb7 14. f3 c6 15.
Rfd1 Ke7 16. Nf1 b5 17. Ba2 Bc5+ 18. Bf2 Bxf2+ 19. Kxf2 Nc5 20. Ne3 Bc8 21. b4
Nb7 22. Ne2 Nd6 23. Rd3 Rd8 24. Bb3 Be6 25. Bxe6 fxe6 26. Rda3 Rac8 27. axb5
axb5 28. Nc1 Rc7 29. Nd3 Nf7 30. Ra7 Rdc8 31. Nc5 Nd7 32. Nd1 Nf6 33. Nb2 h5
34. Nbd3 h4 35. R1a6 Nd7 36. Nxd7 Rxd7 37. Nc5 Rxa7 38. Rxa7+ Kf6 39. h3 Kg7
40. Nd7 Kg6 41. Ke2 Kh5 42. Nc5 Nd6 43. Nxe6 Kg6 44. Rc7 Kf6 45. Rxc8 Nxc8 46.
Nd8 Na7 47. Kd3 Ke7 48. Nb7 Nc8 49. Ke3 Kd7 50. Kf2 Ne7 51. Nc5+ Kd6 52. g3 Ng6
53. Nd3 Ke6 54. gxh4 Nxh4 55. Nc5+ Kf6 56. Nd7+ Ke6 57. Nb8 Kd6 58. Kg3 Ng6 59.
Kg4 Nf4 60. Na6 Ke6 61. Nc5+ Kf6 62. Nd7+ Kg6 63. Nf8+ Kf7 64. Nh7 Kg6 65. Nxg5
Ng2 66. c3 Ne3+ 67. Kh4 Kf6 68. Nh7+ Kg7 69. Kg5 Kxh7 70. Kf6 Nc4 71. Ke6 Kg6
72. Kd7 Kg5 73. Kxc6 Na3 74. Kd5 Nc4 75. Kc5 Na3 76. Kd5 1/2-1/2

[Event "Aeroflot Open 2012 B"]
[Site "Moscow"]
[Date "2012.02.14"]
[Round "8"]
[White "Cori T., Deysi"]
[Black "Mohota, Nisha"]
[Result "1-0"]
[WhiteElo "2415"]
[BlackElo "2323"]
[PlyCount "81"]
[EventDate "2012.02.07"]
[EventType "swiss"]

1. d4 g6 2. c4 Bg7 3. g3 d6 4. Bg2 Nd7 5. Nc3 e5 6. Nf3 Ne7 7. h4 exd4 8. Nxd4
Ne5 9. h5 gxh5 10. Rxh5 Bg4 11. Rh1 c6 12. Bh6 Bxh6 13. Rxh6 Nxc4 14. b3 Qa5
15. Rc1 Ne5 16. Rxd6 Nd3+ 17. Qxd3 Qa3 18. Qd2 Qxd6 19. Ne4 Qg6 20. Qf4 h5 21.
Rc5 Rh6 22. f3 Nd5 23. Qe5+ Be6 24. f4 h4 25. f5 Rh5 26. Rxd5 cxd5 27. Nf6+ Ke7
28. Nxd5+ Ke8 29. Nf6+ Ke7 30. Qc7+ Kxf6 31. fxg6 h3 32. Bxh3 Rxh3 33. gxf7
Rh1+ 34. Kd2 Bxf7 35. Qxb7 Rah8 36. Qc6+ Ke7 37. Nf5+ Kf8 38. Qd6+ Kg8 39. Qf6
Kf8 40. Qd8+ Be8 41. Qe7+ 1-0

[Event "Aeroflot Open 2012 B"]
[Site "Moscow"]
[Date "2012.02.14"]
[Round "8"]
[White "Huang, Qian"]
[Black "Goryachkina, Aleksandra"]
[Result "1-0"]
[WhiteElo "2389"]
[BlackElo "2333"]
[PlyCount "99"]
[EventDate "2012.02.07"]
[EventType "swiss"]

1. d4 d5 2. c4 e6 3. Nf3 c6 4. e3 Bd6 5. Qc2 f5 6. b3 Nf6 7. a4 a5 8. Ba3 Bxa3
9. Nxa3 O-O 10. Be2 Na6 11. Qc1 Qe7 12. O-O Bd7 13. Ne5 Be8 14. Nc2 Bh5 15.
Bxh5 Nxh5 16. Qd2 Qd8 17. Rfd1 f4 18. f3 g5 19. exf4 gxf4 20. c5 Rf5 21. Re1
Kh8 22. Nd3 Ng7 23. Re5 Rxe5 24. Nxe5 Qf6 25. Qxa5 Nf5 26. Qc3 Rg8 27. b4 Nh4
28. Ne1 Qg7 29. Ra2 Nb8 30. Qd2 Rf8 31. Qc1 Nd7 32. Nxd7 Qxd7 33. Nd3 Qg7 34.
Ne5 Ng6 35. Re2 Rf5 36. Nxg6+ Qxg6 37. b5 Rf8 38. Qc2 Qxc2 39. Rxc2 Ra8 40.
bxc6 bxc6 41. Ra2 Kg7 42. a5 Kf6 43. a6 e5 44. Kf2 exd4 45. Ke2 Ra7 46. Kd3 Ke5
47. g4 fxg3 48. hxg3 Ra8 49. a7 h5 50. Ra6 1-0

[Event "Aeroflot Open 2012 B"]
[Site "Moscow"]
[Date "2012.02.14"]
[Round "8"]
[White "Wang, Jue"]
[Black "Le, Quang Long"]
[Result "1/2-1/2"]
[WhiteElo "2388"]
[BlackElo "2316"]
[PlyCount "104"]
[EventDate "2012.02.07"]
[EventType "swiss"]

1. e4 c6 2. d4 d5 3. f3 e6 4. Nc3 Bb4 5. Bf4 Nf6 6. Qd3 O-O 7. Nge2 b5 8. O-O-O
Be7 9. Qe3 Qa5 10. a3 Na6 11. Kb1 b4 12. axb4 Qxb4 13. g4 Re8 14. h4 dxe4 15.
fxe4 e5 16. dxe5 Rb8 17. b3 Nxg4 18. Qg3 Be6 19. Nd4 Nc5 20. Nxc6 Qb7 21. Nd4
Nxb3 22. cxb3 Bxb3 23. Bb5 Bxd1 24. Rxd1 Rbc8 25. Nd5 Bc5 26. Qxg4 Bxd4 27. Qd7
Rb8 28. Qxb7 Rxb7 29. Rxd4 Rxb5+ 30. Kc2 Rc8+ 31. Kd3 Rb3+ 32. Ke2 Rc2+ 33. Bd2
h6 34. Ne3 Ra2 35. Rd8+ Kh7 36. h5 a5 37. Rd7 Kg8 38. Rd8+ Kh7 39. Rd7 Kg8 40.
Rd8+ Kh7 41. Rf8 Rbb2 42. Nc4 Rc2 43. Kd3 Rxc4 44. Kxc4 Rxd2 45. Rxf7 Kg8 46.
Ra7 a4 47. e6 Kf8 48. Rf7+ Ke8 49. Rxg7 a3 50. Ra7 a2 51. Kc5 Kd8 52. Kc6 Ke8
1/2-1/2

[Event "Aeroflot Open 2012 B"]
[Site "Moscow"]
[Date "2012.02.14"]
[Round "8"]
[White "Petrosyan, Manuel"]
[Black "Akshayraj, Kore"]
[Result "0-1"]
[WhiteElo "2205"]
[BlackElo "2386"]
[PlyCount "104"]
[EventDate "2012.02.07"]
[EventType "swiss"]

1. d4 Nf6 2. Nf3 e6 3. c4 d5 4. e3 Nbd7 5. Nbd2 Be7 6. Bd3 O-O 7. O-O c5 8. b3
b6 9. Bb2 Bb7 10. cxd5 Nxd5 11. Rc1 cxd4 12. exd4 Rc8 13. Re1 a6 14. a3 N7f6
15. g3 Rxc1 16. Qxc1 Qa8 17. Ne5 Rc8 18. Qd1 Nc3 19. Bxc3 Rxc3 20. Bc4 Bxa3 21.
Qe2 b5 22. Nb1 Bh1 23. f3 Rxf3 24. Nxf3 Bxf3 25. Qd2 Bd6 26. Bf1 h5 27. Bg2 h4
28. Rf1 Bxg2 29. Qxg2 Qa7 30. Rd1 hxg3 31. hxg3 Nh5 32. Nc3 Nxg3 33. Ne4 Nxe4
34. Qxe4 g6 35. Qh4 Kg7 36. Rd3 Be7 37. Qe4 a5 38. Kg2 a4 39. d5 a3 40. Rf3 Bf6
41. Qf4 Qd4 42. Qxd4 Bxd4 43. d6 a2 44. d7 a1=Q 45. d8=Q Qg1+ 46. Kh3 Be5 47.
Rxf7+ Kxf7 48. Qd7+ Kf6 49. Qd8+ Kf5 50. Qf8+ Ke4 51. Qa8+ Kd3 52. Qd8+ Ke2 0-1

[Event "Aeroflot Open 2012 B"]
[Site "Moscow"]
[Date "2012.02.14"]
[Round "8"]
[White "Gagare, Shardul"]
[Black "Iljiushenok, Ilia"]
[Result "1/2-1/2"]
[WhiteElo "2268"]
[BlackElo "2422"]
[PlyCount "88"]
[EventDate "2012.02.07"]
[EventType "swiss"]

1. c4 e5 2. g3 Nc6 3. Bg2 f5 4. Nc3 Nf6 5. e3 Bb4 6. Nge2 O-O 7. O-O d6 8. Nd5
Nxd5 9. cxd5 Ne7 10. d4 Ba5 11. b4 Bb6 12. dxe5 dxe5 13. Qb3 Kh8 14. Bb2 Ng6
15. h4 f4 16. h5 fxe3 17. f3 Ne7 18. Bxe5 Nxd5 19. Rad1 Be6 20. h6 Rf7 21.
hxg7+ Kg8 22. f4 Rd7 23. Qb1 Qe8 24. g4 c6 25. Be4 Rxg7 26. Bxg7 Kxg7 27. Qb2+
Kg8 28. Qe5 h6 29. Bf3 Bf7 30. Qd6 Qf8 31. Bxd5 Bxd5 32. Rxd5 cxd5 33. Qxd5+
Qf7 34. Qd6 Kh7 35. Kg2 Rd8 36. Qe5 Qxa2 37. Qf5+ Kg7 38. Qe5+ Kg8 39. Kf3 Qd5+
40. Qxd5+ Rxd5 41. Re1 Kf7 42. Rh1 Kg6 43. f5+ Kg7 44. Nf4 Rd2 1/2-1/2

[Event "Aeroflot Open 2012 B"]
[Site "Moscow"]
[Date "2012.02.14"]
[Round "8"]
[White "Gagarin, Vasilij"]
[Black "Severina, Maria"]
[Result "1/2-1/2"]
[WhiteElo "2417"]
[BlackElo "2185"]
[PlyCount "66"]
[EventDate "2012.02.07"]
[EventType "swiss"]

1. d4 Nf6 2. c4 g6 3. Nc3 d5 4. e3 Bg7 5. cxd5 Nxd5 6. Nxd5 Qxd5 7. Ne2 O-O 8.
Nc3 Qd8 9. Be2 Re8 10. O-O e5 11. dxe5 Bxe5 12. Qxd8 Rxd8 13. e4 Nc6 14. Bg5 f6
15. Bc4+ Kg7 16. Be3 Na5 17. Be2 Be6 18. f4 Bxc3 19. bxc3 Bc4 20. Kf2 b6 21.
Rfd1 Bxe2 22. Kxe2 Nc4 23. Rd4 Nd6 24. Rad1 Re8 25. Kf3 Re7 26. Bc1 Rae8 27.
Ba3 Rxe4 28. Rxe4 Nxe4 29. Rd7+ Kg8 30. Rxc7 Nd2+ 31. Kf2 Ne4+ 32. Kf3 Nd2+ 33.
Kf2 Ne4+ 1/2-1/2

[Event "Aeroflot Open 2012 B"]
[Site "Moscow"]
[Date "2012.02.14"]
[Round "8"]
[White "Byambaa, Zulzaga"]
[Black "Lavrov, Maxim"]
[Result "1/2-1/2"]
[WhiteElo "2279"]
[BlackElo "2397"]
[PlyCount "116"]
[EventDate "2012.02.07"]
[EventType "swiss"]

1. e4 e5 2. Nf3 Nc6 3. Bb5 f5 4. d3 fxe4 5. dxe4 Nf6 6. Nc3 Bb4 7. O-O Bxc3 8.
bxc3 d6 9. Bg5 O-O 10. Nd2 Be6 11. Bc4 Qe8 12. Qe2 Kh8 13. f3 Nh5 14. g3 Bh3
15. Rf2 Qg6 16. Be3 Nf4 17. Qd1 Be6 18. Kh1 Nh3 19. Rf1 Bxc4 20. Nxc4 Ng5 21.
Nd2 Rf7 22. h4 Ne6 23. Kh2 Raf8 24. Qe2 Rf6 25. Qb5 Qh5 26. Kg2 Rg6 27. Rh1 d5
28. exd5 e4 29. Raf1 exf3+ 30. Rxf3 Rxf3 31. Nxf3 Qg4 32. Rh3 Rf6 33. Qf1 Qe4
34. dxc6 Qxe3 35. cxb7 Qb6 36. Qd3 Qxb7 37. Rh1 Rf8 38. Rd1 Qc6 39. c4 Nd4 40.
Qxd4 Qxf3+ 41. Kh3 h5 42. Qd3 Qg4+ 43. Kg2 Re8 44. Rd2 c6 45. Rf2 Kg8 46. a3
Qe4+ 47. Kh2 Qe1 48. Qf3 Re5 49. Qf7+ Kh7 50. Qxa7 Re2 51. Kg2 Rxc2 52. Rxc2
Qe4+ 53. Kg1 Qxc2 54. Qc5 Qd1+ 55. Kf2 Qd2+ 56. Kf3 Qd1+ 57. Kf2 Qd2+ 58. Kf3
Qd1+ 1/2-1/2

[Event "Aeroflot Open 2012 B"]
[Site "Moscow"]
[Date "2012.02.14"]
[Round "8"]
[White "Xu, Huahua"]
[Black "Belyakov, Bogdan"]
[Result "1-0"]
[WhiteElo "2134"]
[BlackElo "2375"]
[PlyCount "75"]
[EventDate "2012.02.07"]
[EventType "swiss"]

1. e4 c5 2. Nf3 e6 3. d4 cxd4 4. Nxd4 Bc5 5. Nb3 Bb6 6. Bd3 Ne7 7. c4 O-O 8.
O-O d6 9. Nc3 Nbc6 10. Qe2 f5 11. exf5 Nxf5 12. Bxf5 Rxf5 13. Be3 Bxe3 14. fxe3
Rxf1+ 15. Rxf1 Ne5 16. Ne4 b5 17. c5 d5 18. Qh5 dxe4 19. Qxe5 Qd3 20. Qf4 h6
21. Nd4 e5 22. Qxe5 Qxe3+ 23. Kh1 Kh7 24. c6 Bg4 25. c7 Rf8 26. Rg1 b4 27. Ne6
Bxe6 28. Qxe6 Qc5 29. Qxe4+ Kh8 30. Qb7 a5 31. h3 Kh7 32. Re1 Qc4 33. Rg1 Qc5
34. b3 Qc3 35. Qe4+ Kh8 36. Qe7 Kg8 37. Qd8 Qc5 38. Rf1 1-0

[Event "Aeroflot Open 2012 B"]
[Site "Moscow"]
[Date "2012.02.14"]
[Round "8"]
[White "Korchmar, Vasiliy"]
[Black "Szabo, Bence"]
[Result "1/2-1/2"]
[WhiteElo "2263"]
[BlackElo "2330"]
[PlyCount "89"]
[EventDate "2012.02.07"]
[EventType "swiss"]

1. e4 c5 2. Nf3 d6 3. d4 cxd4 4. Nxd4 Nf6 5. Nc3 a6 6. Be2 e5 7. Nb3 Be7 8. O-O
O-O 9. a4 Be6 10. Bf3 Nbd7 11. Re1 Qc7 12. Nd2 b6 13. Nf1 Rab8 14. Be3 b5 15.
axb5 axb5 16. Ra7 Qc6 17. Ng3 Rfc8 18. Re2 Ra8 19. Rxa8 Rxa8 20. Rd2 b4 21. Nd5
Bxd5 22. exd5 Qc7 23. Be2 Ra5 24. b3 g6 25. Bc4 Ne8 26. Qg4 Ng7 27. Bg5 f6 28.
Bh6 f5 29. Qe2 Bf6 30. Rd1 Qb7 31. Bd2 Ra2 32. Rc1 Bd8 33. Bb5 Nc5 34. Qc4 f4
35. Ne2 Nf5 36. Bxb4 Bb6 37. Bc6 Qa7 38. Bc3 Nd7 39. Be1 Nf6 40. Ba4 Bc5 41.
Nc3 Rb2 42. Nd1 Ra2 43. Nc3 Rb2 44. Nd1 Ra2 45. Nc3 1/2-1/2

[Event "Aeroflot Open 2012 B"]
[Site "Moscow"]
[Date "2012.02.14"]
[Round "8"]
[White "Ynojosa, Felix Jose"]
[Black "Ivana Maria, Furtado"]
[Result "0-1"]
[WhiteElo "2327"]
[BlackElo "2065"]
[PlyCount "44"]
[EventDate "2012.02.07"]
[EventType "swiss"]

1. e4 e6 2. d4 d5 3. exd5 exd5 4. Nf3 Nc6 5. c4 Nf6 6. Nc3 Be7 7. Be2 O-O 8.
O-O dxc4 9. d5 Na5 10. Ne5 a6 11. Qa4 c6 12. b4 Qd6 13. Nxc6 bxc6 14. Qxa5 Qxb4
15. Qxb4 Bxb4 16. Bb2 cxd5 17. Bf3 Be6 18. Na4 Rad8 19. Bd4 Bf5 20. Nc5 Rc8 21.
Nxa6 Ba3 22. Bc3 Rfd8 {...} 0-1

[Event "Aeroflot Open 2012 B"]
[Site "Moscow"]
[Date "2012.02.14"]
[Round "8"]
[White "Pratyusha, Bodda"]
[Black "Narayanan.S.L"]
[Result "0-1"]
[WhiteElo "2142"]
[BlackElo "2320"]
[PlyCount "79"]
[EventDate "2012.02.07"]
[EventType "swiss"]

1. e4 g6 2. d4 Bg7 3. Nc3 c6 4. f4 d5 5. e5 h5 6. Nf3 Nh6 7. Bd3 Bg4 8. h3 Bxf3
9. Qxf3 e6 10. Be3 h4 11. g4 hxg3 12. Qxg3 Bf8 13. O-O-O Nf5 14. Bxf5 gxf5 15.
h4 Nd7 16. h5 $11 Bh6 17. Kb1 b5 18. Ne2 b4 19. Rdg1 Qe7 20. Qh4 Qxh4 21. Rxh4
f6 22. Bc1 Kf7 23. c3 bxc3 24. bxc3 c5 25. Kc2 Rac8 26. Kd1 cxd4 27. cxd4 Rc4
28. Rh3 fxe5 29. dxe5 Nc5 30. Ra3 a6 31. Ra5 Bf8 32. Rh1 d4 33. Bd2 Ne4 34. Be1
d3 35. Ng3 d2 36. Nxe4 dxe1=Q+ 37. Rxe1 fxe4 38. Rxa6 Rxh5 39. Ra7+ Be7 40. a4
0-1

[Event "Aeroflot Open 2012 B"]
[Site "Moscow"]
[Date "2012.02.14"]
[Round "8"]
[White "Pasiev, Rakhim"]
[Black "Tari, Aryan"]
[Result "1/2-1/2"]
[WhiteElo "2312"]
[BlackElo "2206"]
[PlyCount "103"]
[EventDate "2012.02.07"]
[EventType "swiss"]

1. e4 c6 2. d4 d5 3. e5 Bf5 4. Nf3 e6 5. Be2 Nd7 6. O-O Ne7 7. Nbd2 c5 8. c4
cxd4 9. Nxd4 Nxe5 10. cxd5 Qxd5 11. Qa4+ N5c6 12. Nxc6 Nxc6 13. Bf3 Qd7 14. Nc4
Rd8 15. Be3 Nd4 16. Qxd7+ Rxd7 17. Bxd4 Rxd4 18. Rfc1 Be7 19. Ne3 O-O 20. Nxf5
exf5 21. Rc7 Bd8 22. Rxb7 Bb6 23. Rd1 Re8 24. Kf1 Ba5 25. b4 Bxb4 26. Rc1 Rc4
27. Rb1 Bd6 28. Rd7 Rd4 29. Rbb7 Bb4 30. g3 Rxd7 31. Rxd7 Bc5 32. Bd5 Rf8 33.
a4 a5 34. Rc7 Bb4 35. h4 g6 36. Ke2 Re8+ 37. Kd3 Re7 38. Rxe7 Bxe7 39. Ke2 f4
40. Kf3 fxg3 41. fxg3 Kg7 42. Bc4 f5 43. Bb3 Kf6 44. Ba2 h6 45. Bb3 Ke5 46. Bf7
g5 47. hxg5 hxg5 48. g4 f4 49. Bg8 Kd4 50. Bf7 Kc3 51. Be8 Kb4 52. Bd7 1/2-1/2